NCAAM Basketball Logo Quiz: Patriot League - Statistics

General Stats
  • This quiz has been taken 160 times
  • The average score is 8 of 10
Answer Stats
Picture Answer % Correct
Army
99%
Navy
97%
Colgate
92%
Holy Cross
88%
American
85%
Lehigh
85%
Boston U
83%
Bucknell
77%
Loyola (MD)
69%
Lafayette
64%
No matching quizzes found
Score Distribution
Percent of People with Each Score
Percentile by Number Answered
Your Score History
You have not taken this quiz